00650nam a2200181Ia 4500952013100000999001700131003000400148005001700152008004100169040000900210082002100219100002700240245007100267260005000338300000900388650002300397942004800420 00102ddc40708LITaMESbMEScENGd2019-02-20g40.00l0o810.80052 OLI/Ap20110r2019-02-20 00:00:00w2019-02-20yBKzGR15R2 c13696d13696OSt20201020110829.0190216s9999||||xx |||||||||||||| ||und|| coclc a810.80052bOLI/A aOliver, Egbert S94639 3aAn Anthology Of American Literature 1890-1965 /cEgbert S Oliver  bEurasia Publishing House ,c1967.aNew Delhi: a595p aEnglish Literature cBK2ddch810.80052iOLI/Ak810.80052mOLI/A